Catálogo

Vista normal Vista MARC

Entrada Personal Name

Número de registros utilizados en: 1

001 - CONTROL NUMBER

  • control field: 17374

003 - CONTROL NUMBER IDENTIFIER

  • control field: DLC

005 - DATE AND TIME OF LATEST TRANSACTION

  • control field: 20250820110236.0

008 - FIXED-LENGTH DATA ELEMENTS

  • fixed length control field: 090603n| azannaabn |n aaa

010 ## - LIBRARY OF CONGRESS CONTROL NUMBER

  • LC control number: n 2009034570

035 ## - SYSTEM CONTROL NUMBER

  • System control number: (OCoLC)oca08130601

040 ## - CATALOGING SOURCE

  • Original cataloging agency: DLC
  • Language of cataloging: spa
  • Description conventions: rda
  • Transcribing agency: Mx-PuUPA
  • Modifying agency: ScU
  • Modifying agency: Mx-PuUPA

046 ## - SPECIAL CODED DATES

  • Birth date: 19731009
  • Source of date scheme: edtf

100 1# - HEADING--PERSONAL NAME

  • Personal name: Sinek, Simon,
  • Dates associated with a name: 1973

370 ## - ASSOCIATED PLACE

  • Place of birth: Wimbledon (Londres, Inglaterra)
  • Associated country: Estados Unidos
  • Place of residence/headquarters: Johannesburgo (Sudáfrica)
  • Place of residence/headquarters: Londres ( Inglaterra)
  • Place of residence/headquarters: Hong Kong (China)
  • Source of term: naf

372 ## - FIELD OF ACTIVITY

  • Field of activity: Liderazgo
  • Source of term: lcsh

373 ## - ASSOCIATED GROUP

  • Associated group: Universidad de la ciudad (Londres, Inglaterra)
  • Associated group: Universidad Brandeis
  • Source of term: naf

374 ## - OCCUPATION

  • Occupation: Autor
  • Occupation: Orador motivacional
  • Occupation: Consultor
  • Source of term: lcsh

375 ## - GENDER

  • Gender: hombre
  • Source of term: lcdgt

377 ## - ASSOCIATED LANGUAGE

  • Language code: eng

670 ## - SOURCE DATA FOUND

  • Source citation: Sinek, Simon. Start with why, c2009:
  • Information found: ECIP t.p. (Simon Sinek)

670 ## - SOURCE DATA FOUND

  • Source citation: Wikipedia, July 17, 2018:
  • Information found: Simon O. Sinek (born October 9, 1973) is a British-American author, motivational speaker and organisational consultant; born in Wimbledon, England and as a child lived happily in Johannesburg, London, and Hong Kong before settling in the United States; studied law at London's City University and received a BA in cultural anthropology from Brandeis University)